50 inventions that shaped the modern economy
Gespeichert in:
| 1. Verfasser: | |
|---|---|
| Format: | Buch |
| Sprache: | Englisch |
| Veröffentlicht: |
New York
Riverhead Books
2017
|
| Schlagworte: | |
| Tags: |
Keine Tags, Fügen Sie das erste Tag hinzu!
|
MARC
| LEADER | 00000nam a2200000 4500 | ||
|---|---|---|---|
| 001 | 0233365 | ||
| 005 | 20240221113327.7 | ||
| 020 | |a 978-0-7352-1613-6 | ||
| 041 | 0 | |a eng | |
| 044 | |a US | ||
| 245 | 1 | 0 | |a 50 inventions that shaped the modern economy |c Tim Harford |
| 264 | 1 | |a New York |b Riverhead Books |c 2017 | |
| 300 | |a 321 s. | ||
| 610 | 2 | 0 | |a vynálezy |
| 610 | 2 | 0 | |a pokrok technologický |
| 610 | 2 | 0 | |a vývoj hospodársky |
| 610 | 2 | 0 | |a ekonomika nová |
| 610 | 2 | 0 | |a myslenie ekonomické |
| 610 | 2 | 0 | |a vývoj spoločenský |
| 610 | 2 | 0 | |a kultúra |
| 610 | 2 | 0 | |a dôsledky sociálne |
| 610 | 2 | 0 | |a peniaze |
| 610 | 2 | 0 | |a história |
| 100 | 1 | |a Harford, Tim | |